| 000 | 00590nam a2200193Ia 4500 | ||
|---|---|---|---|
| 003 | GCL | ||
| 008 | 140319s9999 xx 000 0 ara d | ||
| 040 |
_aGCL / _cGCL |
||
| 082 | 0 | 4 |
_a229.7 _bم ا |
| 100 | 1 | _aمحمد محمود عبدالله | |
| 245 | 1 | 0 |
_aاعجاز القران فى علاج السحر والحسد ومس الشيطان / _cمحمد محمود عبدالله |
| 260 |
_a[S.N] : _bمكتبة زهران ، _c1993 |
||
| 300 | _a79 ص | ||
| 490 | _a | ||
| 650 | 0 | 4 | _aالجن |
| 650 | 0 | 4 | _aالشيطنة |
| 650 | 0 | 4 | _aالقران - اعجاز |
| 942 |
_2ddc _cBK |
||
| 999 |
_c29745 _d29745 |
||